| 000 | 00883nam a2200277 i 4500 | ||
|---|---|---|---|
| 003 | EG-GICUC | ||
| 005 | 20260422214232.0 | ||
| 008 | 260422q19001999xxx||||f |||| 00| 0 fre d | ||
| 040 |
_aEG-GiCUC _bfre _cEG-GiCUC _dEG-GiCUC _eRda |
||
| 041 | _afre | ||
| 082 | 0 | 4 | _221 |
| 092 | 0 | 4 | _221 |
| 099 | _aLaw1 10 343 LE . N B1010092 C1 | ||
| 100 | 1 |
_aLevasseur, Georges _eAuteur |
|
| 245 | 1 | 4 |
_aLes nullités de l'instruction préparatoire / _cGeorges Levasseur. |
| 264 |
_aLieu de publication non précisé : _bÉditeur non spécifié, _c[1900-1999] |
||
| 300 |
_a524 pages ; _c 24 cm |
||
| 336 |
_2rda contenu _a texte |
||
| 337 |
_2rda medias _aOrdinateur |
||
| 338 |
_2 transporteur rda _a Ressource en ligne |
||
| 650 | 1 |
_aDroit pénal _2qrmak |
|
| 651 | 1 | _2qrmak | |
| 856 | 4 | 0 | _uhttps://fll.law.cu.edu.eg/fulltext/bks/B10-10092.pdf |
| 905 | _a162 | ||
| 942 |
_2ddc _cBK _e21 _n0 |
||
| 999 |
_c72907 _d72907 |
||